000 00420nam a2200181Ia 4500
001 3756
005 20260306145707.0
008 260306t1966||||xx |||||||||||||| ||spa||
041 _aESP
082 _a302.3
_bC64
100 _aCirigliano, Gustavo J.
_eAUT
245 0 _aDinámica de grupos y educación
260 _c1966
300 _apágs. :
_ccm.
650 _aGEN
654 _aCED
942 _cLIB
_dJUS
_fJUS
_2ddc
_n
999 _c3756
_d3756